Manual de derecho administrativo (Registro nro. 464)
[ vista simple ]
| 000 -LEADER | |
|---|---|
| fixed length control field | 01471 a2200217 4500 |
| 001 - CONTROL NUMBER | |
| control field | 10498 |
| 005 - DATE AND TIME OF LATEST TRANSACTION | |
| control field | 20260407155438.0 |
| 008 - FIXED-LENGTH DATA ELEMENTS--GENERAL INFORMATION | |
| fixed length control field | 260407a2011 arg spa d |
| 003 - CONTROL NUMBER IDENTIFIER | |
| control field | AR-UNSa-BCEJYS |
| 040 ## - CATALOGING SOURCE | |
| Original cataloging agency | AR-UNSa-BCEJYS |
| Language of cataloging | spa |
| Transcribing agency | AR-UNSa-BCEJYS |
| 080 ## - UNIVERSAL DECIMAL CLASSIFICATION NUMBER | |
| Universal Decimal Classification number | 342.9 |
| Common auxiliary subdivision | Derecho Administrativo |
| 020 ## - INTERNATIONAL STANDARD BOOK NUMBER | |
| International Standard Book Number | 978-987-03-2028-9 |
| 100 1# - MAIN ENTRY--PERSONAL NAME | |
| Personal name | Balbín, Carlos Francisco |
| 245 10 - TITLE STATEMENT | |
| Title | Manual de derecho administrativo |
| 264 #1 - PRODUCTION, PUBLICATION, DISTRIBUTION, MANUFACTURE, AND COPYRIGHT NOTICE | |
| Place of production, publication, distribution, manufacture | Buenos Aires : |
| Name of producer, publisher, distributor, manufacturer | La Ley |
| Date of production, publication, distribution, manufacture, or copyright notice | 2011 |
| 300 ## - PHYSICAL DESCRIPTION | |
| Extent | xxi, 574 p. |
| Dimensions | 24 cm. |
| 505 ## - FORMATTED CONTENTS NOTE | |
| Formatted contents note | 1. Las bases del derecho administrativo - 2. El marco constitucional del derecho administrativo - 3. El concepto de derecho administrativo - 4. Los caracteres del derecho administrativo - 5. Las fuentes del derecho administrativo - 6. El ejercicio discrecional o reglado de las funciones administrativas - 7. La organización administrativa - 8. El control de la administración pública - 9. Los bienes del dominio estatal - 10. Las actividades de intervención - 11. El servicio público - 12. La actividad del fomento - 13. El acto administrativo y el reglamento - 14. Los contratos administrativos - 15. La responsabilidad del estado - 16. Las situaciones jurídicas subjetivas - 17. El procedimiento adminsitrativo - 18. El proceso acontencioso administrativo |
| 590 ## - LOCAL NOTE (RLIN) | |
| Local note | niveau_biblio:m niveau_hierar:0 |
| 856 41 - ELECTRONIC LOCATION AND ACCESS | |
| Uniform Resource Identifier | <a href="https://biblioeco.unsa.edu.ar/pmb/images/libros/Manual de derecho administrativo-l118759.jpg">https://biblioeco.unsa.edu.ar/pmb/images/libros/Manual de derecho administrativo-l118759.jpg</a> |
| Link text | Imagen de portada |
| Electronic format type | image/jpeg |
| 942 ## - ADDED ENTRY ELEMENTS (KOHA) | |
| Koha item type | |
| Withdrawn status | Lost status | Damaged status | Not for loan | Home library | Current library | Shelving location | Date acquired | Total checkouts | Full call number | Barcode | Date last seen | Price effective from | Koha item type | Public note |
|---|---|---|---|---|---|---|---|---|---|---|---|---|---|---|
| Biblioteca Prof. Eusebio Cleto del Rey | Biblioteca Prof. Eusebio Cleto del Rey | 07/04/2026 | 342.9 B172 | L118759 | 07/04/2026 | 07/04/2026 | Libro | |||||||
| Biblioteca Prof. Eusebio Cleto del Rey | Biblioteca Prof. Eusebio Cleto del Rey | 07/04/2026 | 342.9 B172 | L118760 | 07/04/2026 | 07/04/2026 | Libro | |||||||
| Biblioteca Prof. Eusebio Cleto del Rey | Biblioteca Prof. Eusebio Cleto del Rey | 07/04/2026 | 342.9 B172 | L118761 | 07/04/2026 | 07/04/2026 | Libro | LÀPIZ LEVE |